• 首页
  • 本馆介绍
  • 公告通知
  • 最新文献
  • 馆藏检索
  • 电子资源
  • 读者导购
  • 参考咨询
  • 我的图书馆
  • 登录
  • 详细信息显示
  • 放入我的书架
  • 预约/预借图书
  • 作者相关作品
  • 分类相关作品
  • 丛书相关作品
  • 出版社相关作品

书目信息

  • 表格格式
  • 工作单格式
  • 卡片格式
题名:
有机分析
    
 
作者: 杨红 主编
分册:  
出版信息: 北京   高等教育出版社  2009
页数: 331页
开本: 24cm
丛书名: 普通高等教育“十一五”国家级规划教材
单 册:
中图分类: O656
科图分类:
主题词: 有机分析--高等学校--教材
电子资源:
ISBN: 978-7-04-026121-9
000 01089nam0 2200253 450
001 408
005 20161107103023.44
010    @a978-7-04-026121-9@dCNY29.80
100    @a20090508d2009 em y0chiy50 ea
101 0  @achi
102    @aCN@b110000
105    @ay z 000yy
200 1  @a有机分析@9you ji fen xi@f杨红主编
210    @a北京@c高等教育出版社@d2009
215    @a331页@d24cm
225 2  @a普通高等教育“十一五”国家级规划教材@9pu tong gao deng jiao yu shi yi wu guo jia ji gui hua jiao cai
330    @a全书共有十三章。第一至第三章重点介绍了有机化合物常规化学分析法,如物理常数的测定、有机元素定量分析等;第四至第九章主要阐述了当今有机分析中重要的常用色谱分析方法,如柱色谱、气相色谱等;第十至第十三章为波谱分析法,重点介绍了用于有机化合物结构鉴定的四大波谱,如紫外波谱、红外波谱等。
333    @a使用对象:高等农林院校本科生和研究生、科学工作者
461  0 @12001 @a普通高等教育“十一五”国家级规划教材
606 0  @a有机分析@x高等学校@j教材
690    @aO656@v4
701  0 @a杨红@9yang hong@4主编
801  0 @aCN@b唐山师范学院图书馆@c20160722
905    @aZUCC@dO656@e13
    
    有机分析/杨红主编.-北京:高等教育出版社,2009
    331页;24cm.-(普通高等教育“十一五”国家级规划教材)
    使用对象:使用对象:高等农林院校本科生和研究生、科学工作者
    
    ISBN 978-7-04-026121-9:CNY29.80
    全书共有十三章。第一至第三章重点介绍了有机化合物常规化学分析法,如物理常数的测定、有机元素定量分析等;第四至第九章主要阐述了当今有机分析中重要的常用色谱分析方法,如柱色谱、气相色谱等;第十至第十三章为波谱分析法,重点介绍了用于有机化合物结构鉴定的四大波谱,如紫外波谱、红外波谱等。
●
相关链接 在E读中查询图书 在五车中查询图书 在当当中查询图书 在豆瓣中查询图书


正题名:有机分析     索取号:O656/13         预约/预借

序号 登录号 条形码 馆藏地/架位号 状态 备注
1 901710   209017106   第二样本阅览室/ [索取号:O656/13] 在馆    
2 901711   209017115   密集书库-化学系/ [索取号:O656/13] 在馆    
3 901712   209017124   第三借阅区/ [索取号:O656/13] 在馆    
4 901713   209017133   第三借阅区/ [索取号:O656/13] 在馆    
唐山师范学院图书馆 欢迎您!
大连网信软件有限公司© 版权所有